000 00646nam a2200217Ia 4500
003 GCL
008 140319s9999 xx 000 0 ara d
040 _aGCL /
_cGCL
082 0 4 _a658.8
_bى م
100 1 _aيسرى خضر اسماعيل
245 1 0 _aالمبيعات والسياسات التسويقية /
_cيسرى خضر اسماعيل
260 _a[S.N] :
_bدار النهضة العربية
300 _a473 ص
490 _a
650 0 4 _aالتسويق
650 0 4 _aالاسواق
650 0 4 _aالاعلان
650 0 4 _aالعلامات التجارية
650 0 4 _aادارة المبيعات
942 _2ddc
_cBK
999 _c36818
_d36818